00507nam a2200193 a 4500001001300000003000900013005001700022008004100039020002300080082001600103100001900119245004500138260003200183300000900215500003500224505001400259650002100273700001900294nice12345678IN_TiNIC20260116014143.0070313s2002 dela grp 000 0 eng  a8129100134 c22500a181.4bKAP1 aKapoor, Subodh aA Short Introduction to Sakta Philosophy aDelhi bRupa and Co. c2002 a184p aincludes index and biblioraphy2 aFoot Note aPhilosophy-India1 aKapoor, Subodh